| 000 | 01076aam a2200337 i 4500 | ||
|---|---|---|---|
| 001 | 768714001 | ||
| 003 | CO-MdFUSB | ||
| 005 | 20210203123723.0 | ||
| 007 | ta | ||
| 008 | 200930t1973 enk |||| |||| 00| 0 eng d | ||
| 020 | _a0521201195 | ||
| 040 |
_bspa. _aCO-MdFUSB _cCO-MdFUSB _dCO-MdFUSBC _erda |
||
| 041 | _aeng | ||
| 082 |
_223 _a158.2 _bT828 |
||
| 100 | 1 |
_aTrigg, Roger _eautor |
|
| 245 | 1 | 0 |
_aReason and commitment _c/ Roger Trigg |
| 264 | 1 |
_aLondon : _bCambridge University Press, _c[1973] |
|
| 264 | 4 | _c© 1973 | |
| 300 |
_a172 páginas _c; 20 cm |
||
| 336 |
_atexto _btxt _2rdacontent |
||
| 337 |
_2rdamedia _asin mediación _bn |
||
| 338 |
_2rdacarrier _avolumen _bnc |
||
| 505 | _aWittgenstein y conceptos religiosos - Compromiso - Formas de vida - La racionalidad de los compromisos - El relativismo y el desacuerdo - Racionalidad | ||
| 563 | _aRústico | ||
| 650 | 7 |
_972 _aPsicología social |
|
| 650 | 0 |
_91074 _aComunicación interpersonal |
|
| 653 | _aRelaciones interpersonales. | ||
| 942 | _cBK | ||
| 945 | _aJTF-925 | ||
| 999 |
_c46360 _d46360 |
||